000 00647naa a22002297a 4500
001 BR8706817
003 BR-BrBNA
005 20250721154527.0
007 ta
008 250630b bl.|||m| |||| 00| 0 por d
040 _aBR-BrBNA
_bpor
_cBiblioteca Nacional de Agricultura
041 _a(Pt)
072 _aF08
090 _aF08 BR8706817
100 1 _aAnon.
245 1 _aRotacao de culturas
500 _aOs filhos da terra Rio de Janeiro, RJ (Brasil): 1981. p. 6-7 (BR8706817-AMS)
650 _aROTACAO DE CULTURA
490 _aCada Cabeca e um Mundo (Brazil)
_vno. 15
942 _cAMS
_2AGRIS
909 _a202506
_bLúcia
_c55
_dLúcia Elande
999 _c335377
_d335377